International maritime dictionary : an encyclopedic dictionary of useful maritime terms and phrases, together with equivalents in French and German /
| Main Author: | |
|---|---|
| Format: | Book |
| Language: | Caucasian (Other) English French German |
| Published: |
Toronto ; New York :
D. Van Nostrand Co.,
1948.
|
| Subjects: |
MARC
| Tag | First Indicator | Second Indicator | Subfields |
|---|---|---|---|
| LEADER | 00000cam a2200000 4500 | ||
| 001 | in00000055051 | ||
| 005 | 20151008052146.0 | ||
| 008 | 740305s1948 nyu d 00100 cau u | ||
| 010 | |a 48005261 | ||
| 035 | |a (OCoLC)00820542 | ||
| 035 | |9 AAH1970AM | ||
| 040 | |c CSU |d TXA |d UtOrBLW | ||
| 041 | 0 | |a eng |a fre |a ger | |
| 049 | |a TXAS [mil] | ||
| 050 | 0 | 0 | |a V23 |b .K4 1948 |
| 082 | 0 | |a 359.03 | |
| 092 | |a 359.03 |b K39i | ||
| 100 | 1 | |a Kerchove, Rene de, |d 1883- | |
| 245 | 1 | 0 | |a International maritime dictionary : |b an encyclopedic dictionary of useful maritime terms and phrases, together with equivalents in French and German / |c by Rene de Kerchove. |
| 264 | 1 | |a Toronto ; |a New York : |b D. Van Nostrand Co., |c 1948. | |
| 300 | |a vii, 946 pages : |b illustrations ; |c 24 cm. | ||
| 336 | |a text |b txt |2 rdacontent | ||
| 337 | |a unmediated |b n |2 rdamedia | ||
| 338 | |a volume |b nc |2 rdacarrier | ||
| 500 | |a Includes indexes. | ||
| 650 | 0 | |a Naval art and science |v Dictionaries. | |
| 650 | 0 | |a Dictionaries, Polyglot. | |
| 999 | |a MARS | ||
| 999 | f | f | |s 9ac65ac4-8480-3580-863c-9200dd9315e6 |i 5c523c41-e77f-39a0-b54f-315479937c00 |t 0 |
| 952 | f | f | |p noncirc |a Texas A&M University |b College Station |c Cushing Memorial Library & Archives |d Cushing: Reference (Does not check out) |t 0 |e V23 .K4 1948 |h Library of Congress classification |i unmediated -- volume |
| 952 | f | f | |p noncirc |a Texas A&M University |b College Station |c Cushing Memorial Library & Archives |d Cushing: Maritime (Does not check out) |t 0 |e V23 .K4 1948 |h Library of Congress classification |i unmediated -- volume |
| 998 | f | f | |a V23 .K4 1948 |t 0 |l Cushing: Maritime (Does not check out) |
| 998 | f | f | |a V23 .K4 1948 |t 0 |l Cushing: Reference (Does not check out) |